| 000 | 05873nam a22005655i 4500 | ||
|---|---|---|---|
| 001 | 978-3-319-33355-7 | ||
| 003 | DE-He213 | ||
| 005 | 20210118130833.0 | ||
| 007 | cr nn 008mamaa | ||
| 008 | 161114s2017 gw | s |||| 0|eng d | ||
| 020 |
_a9783319333557 _9978-3-319-33355-7 |
||
| 024 | 7 |
_a10.1007/978-3-319-33355-7 _2doi |
|
| 050 | 4 | _aRD701-811 | |
| 072 | 7 |
_aMNS _2bicssc |
|
| 072 | 7 |
_aMED065000 _2bisacsh |
|
| 072 | 7 |
_aMNS _2thema |
|
| 072 | 7 |
_aMN _2thema |
|
| 082 | 0 | 4 |
_a617.47 _223 |
| 245 | 1 | 0 |
_aRotator Cuff Tear _h[electronic resource] : _bPathogenesis, Evaluation and Treatment / _cedited by Stefano Gumina. |
| 250 | _a1st ed. 2017. | ||
| 264 | 1 |
_aCham : _bSpringer International Publishing : _bImprint: Springer, _c2017. |
|
| 300 |
_aXXI, 438 p. 374 illus., 310 illus. in color. _bonline resource. |
||
| 336 |
_atext _btxt _2rdacontent |
||
| 337 |
_acomputer _bc _2rdamedia |
||
| 338 |
_aonline resource _bcr _2rdacarrier |
||
| 347 |
_atext file _bPDF _2rda |
||
| 505 | 0 | _aSection 1-Basic Science:1 History of shoulder pain and rotator cuff pathology. - 2 Subacromial space and rotator cuff anatomy -- 3 Rotator cuff -- 4 Epidemiology and demographics of the rotator cuff tear -- Section 2- Etiopathogenesis of the cuff tear: 5 Intrinsic factors (Physiologic degeneration – Aging- Smoking habit-Blood hypertension- Obesity, Hypercholesterolemia, and Diabetes – Genetics- Alchool assumption) -- 6 Extrinsic factors (Subacromial impingement - Acromioclavicular joint degeneration- Thoracic hyperkyphosis - Subcoracoid impingement - Other causes: pigmented villonodular synovitis) -- 7 Antropometrics aspects of the patients with rotator cuff tear -- Section 3-clinical and instrumental evaluation: 8 Classification -- 9 Shoulder Pain intensity and distribution,- 10 Clinical evaluation -- 11 Shoulder pain due to visceral pathologies and cervical spine disorders -- 12 Instrumental evaluation (X-Ray and MRI- Arthro CT- Ultrasound evaluation) -- Section 4- cuff tear treatment: -- 13 Natural history -- 14 The possible role of the transcription factor NF-kB on evolution of rotator cuff tear and on mechanisms of cuff tendon healing -- 15 Conservative treatment -- 16 Operating room setting -- 17 Anesthesiological techniques -- 18 Treatment of the partial tears -- 19 Treatment of the reparable postero-superior lesions (Arthroscopic repair- single row and double row repair technique - Suture Bridge and Transosseous Techniques- Open technique) -- 20 Treatment of the unreparable massive rotator cuff tear (Arthroscopic debridement-Margin Convergence- Interval slide- Partial repair- Subacromial Biodegradable Spacer- Tuberoplasty- Suprascapular nerve in association with irreparable tears- Augmentation with patches- Transfer of muscular tendineous units- Latissimus dorsi- Teres major- Pectoralis major for isolated subscapularis tear- Biceps Tenodesis Augmenting Repair) -- 21 Subscapularis tear: intraoperative evaluation and treatment -- 22 Stem cells and PRP in rotator cuff healing -- 23 Rehabilitation -- Section 5-cuff tear arthropathy -- 24 Etiopathogenesis -- 25 Arthroscopic debridement -- 26 Reverse Shoulder Arthroplasty: evolution in design, indications, surgical technique, and associated complications -- 27 Nanostructures. | |
| 520 | _aThis handbook provides detailed, state of the art information on simple and complex rotator cuff tears that will be of value in daily clinical practice. It covers all relevant aspects, including basic science, pathogenesis, clinical and instrumental evaluation, and treatment techniques. Drawing on the results of recent studies, the book will enable the reader to better understand how tears occur and what treatment should be employed in different circumstances. Rotator cuff tear has always attracted great interest because it may cause shoulder pain, loss of strength, simple or complex disabilities, and partial or total inability to work, reducing quality of life. The goals of cuff repair are to restore footprint anatomy with biomechanically secure, tension-free construction that promotes biological healing at the tendon-to-bone interface. Even today, there is cause for discussion about when and how to perform surgical repair and on what to do in cases of irreparable rupture. This book casts light on such issues. It is especially designed for shoulder surgeons and rehabilitation specialists and will also be of value for residents and shoulder fellows. | ||
| 650 | 0 | _aOrthopedics. | |
| 650 | 0 | _aRehabilitation. | |
| 650 | 1 | 4 |
_aSurgical Orthopedics. _0http://scigraph.springernature.com/things/product-market-codes/H45027 |
| 650 | 2 | 4 |
_aConservative Orthopedics. _0http://scigraph.springernature.com/things/product-market-codes/H45019 |
| 650 | 2 | 4 |
_aRehabilitation. _0http://scigraph.springernature.com/things/product-market-codes/H55006 |
| 700 | 1 |
_aGumina, Stefano. _eeditor. _4edt _4http://id.loc.gov/vocabulary/relators/edt |
|
| 710 | 2 | _aSpringerLink (Online service) | |
| 773 | 0 | _tSpringer eBooks | |
| 776 | 0 | 8 |
_iPrinted edition: _z9783319333540 |
| 776 | 0 | 8 |
_iPrinted edition: _z9783319333564 |
| 776 | 0 | 8 |
_iPrinted edition: _z9783319814926 |
| 856 | 4 | 0 | _uhttps://doi.org/10.1007/978-3-319-33355-7 |
| 912 | _aZDB-2-SME | ||
| 999 |
_c447565 _d447565 |
||
| 942 | _cEB | ||
| 506 | _aAvailable to subscribing member institutions only. Доступно лише організаціям членам підписки. | ||
| 506 | _fOnline access from local network of NaUOA. | ||
| 506 | _fOnline access with authorization at https://link.springer.com/ | ||
| 506 | _fОнлайн-доступ з локальної мережі НаУОА. | ||
| 506 | _fОнлайн доступ з авторизацією на https://link.springer.com/ | ||